Khảo sát thực trạng nhận thức của sinh viên Trường Đại học Cần Thơ về âm mưu diễn biến hòa bình của các thế lực thù địch chống phá cách mạng Việt Nam : Báo cáo tổng kết đề tài Khoa học và Công nghệ cấp Trường

Chỉ ra những mặt được và chưa được trong nhận thức của sinh viên về âm mưu diễn biến hòa bình của các thế lực thù địch đối với cách mạng Việt Nam. Đề xuất những giải pháp để tuyên truyền, tác động làm thay đổi nhận thức của sinh vi...

全面介绍

Đã lưu trong:
书目详细资料
主要作者: Trần, Văn Hiếu
格式: 图书
语言:Undetermined
出版: Cần Thơ Trường Đại học Cần Thơ 2016
主题:
标签: 添加标签
没有标签, 成为第一个标记此记录!
Thư viện lưu trữ: Trung tâm Học liệu Trường Đại học Cần Thơ
LEADER 01781nam a2200229Ia 4500
001 CTU_223257
008 210402s9999 xx 000 0 und d
082 |a 323.1597 
082 |b H309 
088 |a T2016-24 
100 |a Trần, Văn Hiếu 
245 0 |a Khảo sát thực trạng nhận thức của sinh viên Trường Đại học Cần Thơ về âm mưu diễn biến hòa bình của các thế lực thù địch chống phá cách mạng Việt Nam : 
245 0 |b Báo cáo tổng kết đề tài Khoa học và Công nghệ cấp Trường 
245 0 |c Trần Văn Hiếu (Chủ nhiệm đề tài) ; Nguyễn Thị Kim Quế (Thành viên tham gia) 
260 |a Cần Thơ 
260 |b Trường Đại học Cần Thơ 
260 |c 2016 
520 |a Chỉ ra những mặt được và chưa được trong nhận thức của sinh viên về âm mưu diễn biến hòa bình của các thế lực thù địch đối với cách mạng Việt Nam. Đề xuất những giải pháp để tuyên truyền, tác động làm thay đổi nhận thức của sinh viên về âm mưu diễn biến hòa bình của các thế lực thù địch đối với cách mạng Việt Nam thời gian tới. Cung cấp cơ sở khoa học cho Trường làm tốt công tác chính trị, tư tưởng đối với sinh viên thời gian tới. 
650 |a Việt Nam,Vietnam 
650 |x Chính trị và chính phủ,Politics and government 
904 |i Trần Thị Kim Ngân,Hải 
980 |a Trung tâm Học liệu Trường Đại học Cần Thơ